000 00786cam a2200205 4500
001 WB3801-15
008 020108n2002 000 0 eng u
035 _a(Sirsi) u116177
245 _aCity deals in 2001
260 _c2002
490 _aEstates Gazette
_v(0201) 5 January 2002, 15(1)
520 _aThe level of deals done in the City of London fell in 2001, but the decline was less than agents had expected. FPDSavills report that property transactions in 2001 were down 13% on 2000, while Jones Lang LaSalle recorded a 7% fall.
590 _aWB
650 _aFPD SAVILLS
650 _aJONES LANG LASALLE
650 _aPROPERTY TRANSACTIONS
650 _aCITY OF LONDON
690 _aPROPERTY-COMMERCIAL PROPERTY-COMMERCIAL PROPERTY FINANCE AND INVESTMENT
942 _n0
999 _c69204
_d69204